Virgilio: en el bimilenario de su muerte

保存先:
書誌詳細
第一著者: Bauzá, Hugo Francisco (著者)
フォーマット: 図書
言語:スペイン語
出版事項: Buenos Aires Parthenope 1982
主題:
タグ: タグ追加
タグなし, このレコードへの初めてのタグを付けませんか!

MARC

LEADER 00000nam a2200000 a 4500
001 UCY1290
003 CL-VaPUC
008 940826e19820000AG |||||||||||||||||spa|d
082 0 4 |a 873.9  |b BAU  |2 21 
100 0 |a Bauzá, Hugo Francisco  |e author  |9 329228 
245 1 0 |a Virgilio: en el bimilenario de su muerte 
300 |a 151 p 
942 |c BK 
945 |d 19940826 00:00:00  |a oaravena 
260 |a Buenos Aires  |b Parthenope  |c 1982 
600 0 7 |a VIRGILIO  |2 CL-VaPUC  |9 266332 
600 0 7 |a VIRGILIO MARON, PUBLIO  |2 CL-VaPUC  |9 266333 
650 0 |a Crítica e interpretación   |9 255042 
583 |a last modification  |c 19940826 00:00:00  |k Rodrigo Vera 
999 |c 230039  |d 230037 
952 |0 0  |1 0  |4 0  |6 873_900000000000000_BAU_1982  |7 0  |8 A  |9 231870  |a BIBHIS  |b BIBHIS  |d 2019-11-15  |i 3003698  |o 873.9 BAU 1982  |p 3003698  |r 2025-01-20  |w 2019-11-15  |y BK  |k HIS